How to prepare for the professional and administrative career examination (Record no. 76389)
[ view plain ]
| 000 -LEADER | |
|---|---|
| fixed length control field | 01262nam a2200241 a 4500 |
| 008 - FIXED-LENGTH DATA ELEMENTS--GENERAL INFORMATION | |
| fixed length control field | 120416s1980 ||||||||||||||||| || u |
| 020 ## - INTERNATIONAL STANDARD BOOK NUMBER | |
| International Standard Book Number | 0070320810 |
| 050 ## - LIBRARY OF CONGRESS CALL NUMBER | |
| Classification number | JK 716 Isr |
| 100 ## - MAIN ENTRY--PERSONAL NAME | |
| Personal name | Cash, Phyllis |
| 245 10 - TITLE STATEMENT | |
| Title | How to prepare for the professional and administrative career examination |
| 260 ## - PUBLICATION, DISTRIBUTION, ETC. | |
| Place of publication, distribution, etc. | New York |
| Name of publisher, distributor, etc. | McGraw-Hill |
| Date of publication, distribution, etc. | 1980 |
| 300 ## - PHYSICAL DESCRIPTION | |
| Extent | 232 pages : illustrations |
| 350 ## - | |
| -- | 0.00 |
| 500 ## - GENERAL NOTE | |
| General note | 'A Trafalgar House book.' -McGraw-Hill paperbacks. |
| 650 ## - SUBJECT ADDED ENTRY--TOPICAL TERM | |
| Topical term or geographic name entry element | GOVERNMENT |
| 650 ## - SUBJECT ADDED ENTRY--TOPICAL TERM | |
| Topical term or geographic name entry element | CIVIL SERVICE--UNITED STATES--EXAMINATIONS--STUDY GUIDES |
| 700 ## - ADDED ENTRY--PERSONAL NAME | |
| Personal name | Israel, Benjamin L |
| 700 ## - ADDED ENTRY--PERSONAL NAME | |
| Personal name | Lees, Leatrice |
| 995 ## - | |
| -- | ANNEX COLLECTION (Main Library) |
| -- | 0.00 |
| -- | 713414 |
| -- | CBU-MAIN LIBRARY (Kitwe) |
| -- | 2 |
| -- | 5.95 |
| -- | JK 716 Isr |
| -- | 1 |
| -- | AVAILABLE |
| -- | 007598 |
| -- | Annex Low-Usage Collection |
| 995 ## - | |
| -- | ANNEX COLLECTION (Main Library) |
| -- | 0.00 |
| -- | 713411 |
| -- | CBU-MAIN LIBRARY (Kitwe) |
| -- | 4 |
| -- | 5.95 |
| -- | JK 716 Isr |
| -- | 4 |
| -- | AVAILABLE |
| -- | 007601 |
| -- | Annex Low-Usage Collection |
| 995 ## - | |
| -- | ANNEX COLLECTION (Main Library) |
| -- | 0.00 |
| -- | 713412 |
| -- | CBU-MAIN LIBRARY (Kitwe) |
| -- | 1 |
| -- | 5.95 |
| -- | JK 716 Isr |
| -- | 2 |
| -- | AVAILABLE |
| -- | 007599 |
| -- | Annex Low-Usage Collection |
| 995 ## - | |
| -- | ANNEX COLLECTION (Main Library) |
| -- | 0.00 |
| -- | 713413 |
| -- | CBU-MAIN LIBRARY (Kitwe) |
| -- | 3 |
| -- | 5.95 |
| -- | JK 716 Isr |
| -- | 3 |
| -- | AVAILABLE |
| -- | 007600 |
| -- | Annex Low-Usage Collection |
| 999 ## - | |
| -- | 76389 |
| -- | 76389 |
| Withdrawn status | Lost status | Source of classification or shelving scheme | Damaged status | Not for loan | Permanent Location | Current Location | Shelving location | Date acquired | Total Checkouts | Full call number | Barcode | Date last seen | Copy number | Price effective from | Koha item type |
|---|---|---|---|---|---|---|---|---|---|---|---|---|---|---|---|
| CBU-MAIN LIBRARY, KITWE. | CBU-MAIN LIBRARY, KITWE. | 04/25/2023 | JK 716 Isr | 007598 | 04/25/2023 | 1 | 04/25/2023 | MONOGRAPH | |||||||
| CBU-MAIN LIBRARY, KITWE. | CBU-MAIN LIBRARY, KITWE. | 04/25/2023 | JK 716 Isr | 007601 | 04/25/2023 | 2 | 04/25/2023 | MONOGRAPH | |||||||
| CBU-MAIN LIBRARY, KITWE. | CBU-MAIN LIBRARY, KITWE. | 04/25/2023 | JK 716 Isr | 007599 | 04/25/2023 | 3 | 04/25/2023 | MONOGRAPH | |||||||
| CBU-MAIN LIBRARY, KITWE. | CBU-MAIN LIBRARY, KITWE. | 04/25/2023 | JK 716 Isr | 007600 | 04/25/2023 | 4 | 04/25/2023 | MONOGRAPH |